Statystyki dla Gminy w Powiatach na I

Kliknij tutaj aby rozwiązać quiz!

Ogólne statystyki

  • Ten quiz został rozwiązany 22 razy
  • Średni wynik to 7 z 13

Statystyki odpowiedzi

PowiatyGminy% Poprawnych
InowrocławskiInowrocław
100%
iławskiIława
94%
Kruszwica
71%
Pakośc
65%
Gniewkowo
59%
Janikowo
59%
Dąbrowa Biskupia
47%
Złotniki Kujawskie
35%
Kisielice
29%
Lubawa
29%
Susz
29%
Rojewo
24%
Zalewo
18%

Rozkład punktacji

Percentyl według liczby udzielonych odpowiedzi

Procent ludzi z każdym wynikiem

Twoja historia wyników

Nie rozwiązałeś tego quizu